<?xml version="1.0" encoding="UTF-8"?>
<record
    xmlns:xsi="http://www.w3.org/2001/XMLSchema-instance"
    xsi:schemaLocation="http://www.loc.gov/MARC21/slim http://www.loc.gov/standards/marcxml/schema/MARC21slim.xsd"
    xmlns="http://www.loc.gov/MARC21/slim">

  <leader>00667nam a22001937a 4500</leader>
  <controlfield tag="003">LK-CoDNM</controlfield>
  <controlfield tag="005">20241018111935.0</controlfield>
  <controlfield tag="008">241016b        |||||||| |||| 00| 0 eng d</controlfield>
  <datafield tag="040" ind1=" " ind2=" ">
    <subfield code="a">LK-CoDNM</subfield>
    <subfield code="d">LK-CoDNM</subfield>
    <subfield code="e">LK-CoDNM</subfield>
  </datafield>
  <datafield tag="041" ind1=" " ind2=" ">
    <subfield code="a">sin</subfield>
  </datafield>
  <datafield tag="080" ind1=" " ind2=" ">
    <subfield code="a">&#xDB4;&#xDCA;&#x200D;&#xDBB;.&#xDB4;</subfield>
    <subfield code="b">13.1</subfield>
  </datafield>
  <datafield tag="245" ind1=" " ind2=" ">
    <subfield code="b">&#xDB4;&#xDCF;&#xDA8;&#xDC1;&#xDCF;&#xDBD;&#xDCF; &#xDB4;&#xDCA;&#x200D;&#xDBB;&#xDC0;&#xDD8;&#xDAD;&#xDCA;&#xDAD;&#xDD2; </subfield>
    <subfield code="a">1 - &#xD9A;&#xDCF;&#xDAB;&#xDCA;&#xDA9;&#xDBA;  1- 2  &#xD9A;&#xDBD;&#xDCF;&#xDB4;&#xDBA;</subfield>
    <subfield code="c">Colombo    June  1918 </subfield>
  </datafield>
  <datafield tag="300" ind1=" " ind2=" ">
    <subfield code="a">120P.  ;  24 CM</subfield>
  </datafield>
  <datafield tag="650" ind1=" " ind2=" ">
    <subfield code="a">&#xDB4;&#xDCF;&#xDA8;&#xDC1;&#xDCF;&#xDBD;&#xDCF; &#xDB4;&#xDCA;&#x200D;&#xDBB;&#xDC0;&#xDD8;&#xDAD;&#xDCA;&#xDAD;&#xDD2; </subfield>
  </datafield>
  <datafield tag="650" ind1=" " ind2=" ">
    <subfield code="a">Colombo    july  1918  </subfield>
  </datafield>
  <datafield tag="650" ind1=" " ind2=" ">
    <subfield code="a">1 - &#xD9A;&#xDCF;&#xDAB;&#xDCA;&#xDA9;&#xDBA;  1- 2  &#xD9A;&#xDBD;&#xDCF;&#xDB4;&#xDBA;</subfield>
  </datafield>
  <datafield tag="650" ind1=" " ind2=" ">
    <subfield code="a">&#xDB4;&#xDCA;&#x200D;&#xDBB;.&#xDB4; 13.1 </subfield>
  </datafield>
  <datafield tag="942" ind1=" " ind2=" ">
    <subfield code="c">BK</subfield>
  </datafield>
  <datafield tag="952" ind1=" " ind2=" ">
    <subfield code="0">0</subfield>
    <subfield code="1">0</subfield>
    <subfield code="4">1</subfield>
    <subfield code="7">0</subfield>
    <subfield code="8">OBC</subfield>
    <subfield code="a">MAIN</subfield>
    <subfield code="b">MAIN</subfield>
    <subfield code="c">REF</subfield>
    <subfield code="d">2024-10-18</subfield>
    <subfield code="l">0</subfield>
    <subfield code="o">&#xDB4;&#xDCA;&#x200D;&#xDBB;.&#xDB4; 13.1</subfield>
    <subfield code="p">OJP3761- 1</subfield>
    <subfield code="r">2024-10-18</subfield>
    <subfield code="w">2024-10-18</subfield>
    <subfield code="y">BK</subfield>
  </datafield>
  <datafield tag="999" ind1=" " ind2=" ">
    <subfield code="c">220054</subfield>
    <subfield code="d">220054</subfield>
  </datafield>
</record>
